000 00540nam a22001937a 4500
003 KOHA_MİRAKIL
005 20251219092114.0
008 251219b tu ||||| |||| 00| 0 tur d
020 _a9789752930735
040 _aTR-AnABB
_btur
_cTR-AnABB
041 _atur
082 _a320.9561
_bOZB 2003
100 1 _aÖzbudun, Ergun,
245 1 0 _aÇağdaş Türk politikası /
_cErgun Özbudun
260 _aİstanbul :
_bDoğan Kitap Yayıncılık,
_c2003
300 _a177 sayfa ;
_c23 cm
650 0 4 _aPolitika
942 _2ddc
_cBK
999 _c9779
_d9779
900 _bGizem YORULMAZ